000
00335 a2200109 4500
001
ART_6175
005
20260410161825.0
008
260409a
245
1
0
_a
Distritos industriales y estrategias de desarrollo regional
100
1
_a
Gennero de Rearte, Ana M.
773
0
_t
FACES
_g
- Año 1, Nº 1 (jun 1995)
_w
REV5046
999
_c
22708
_d
22708